[Event "11th Paul Keres mem"]
[Site "Tallinn URS"]
[Date "1987.04.??"]
[Round "1"]
[White "Borges Matos, Juan"]
[Black "Psakhis, Lev"]
[Result "1/2-1/2"]
[WhiteElo "2535"]
[BlackElo "2585"]
[EventDate "1989.04.06"]
[PlyCount "96"]

1.d4 e6 2.c4 Bb4+ 3.Bd2 a5 4.Nf3 Nc6 5.Nc3 d6 6.Qc2 e5 7.dxe5 dxe5 8.O-O-O
Be6 9.e3 Nf6 10.a3 Be7 11.Bd3 h6 12.Rhg1 O-O 13.Ne4 Qc8 14.h3 Ne8 15.g4 f5
16.gxf5 Bxf5 17.Rg3 Kh8 18.Nc3 Bxd3 19.Qxd3 Qf5 20.Qxf5 Rxf5 21.e4 Rf7 22.
Be3 Nd6 23.Nd2 Bh4 24.Rf3 Raf8 25.Rxf7 Rxf7 26.f3 Kh7 27.Rf1 Nd4 28.c5 Ne8
29.f4 Be7 30.b4 axb4 31.axb4 Nc6 32.Nd5 Bd8 33.f5 Nf6 34.Nxf6+ Bxf6 35.b5 
Na7 36.b6 cxb6 37.cxb6 Nb5 38.Kc2 Rd7 39.Ra1 Nd6 40.Ra5 Rd8 41.Rc5 Rc8 42.
Rc7 Bd8 43.Rxc8 Nxc8 44.Nc4 g6 45.fxg6+ Kxg6 46.Nxe5+ Kh5 47.Nc4 Kh4 48.
Bxh6 Nxb6 1/2-1/2

[Event "11th Paul Keres mem"]
[Site "Tallinn URS"]
[Date "1987.04.??"]
[Round "2"]
[White "Marin, Mihail"]
[Black "Eingorn, Vyacheslav"]
[Result "1/2-1/2"]
[WhiteElo "2495"]
[BlackElo "2570"]
[EventDate "1989.04.06"]
[PlyCount "65"]

1.d4 e6 2.c4 Nf6 3.Nc3 Bb4 4.Qc2 d6 5.a3 Bxc3+ 6.Qxc3 O-O 7.g3 Re8 8.Bg2 
e5 9.dxe5 dxe5 10.b4 Nc6 11.Bb2 a5 12.Nf3 axb4 13.axb4 Rxa1+ 14.Bxa1 Ne4 
15.Qc2 Ng5 16.Nxg5 Qxg5 17.Bc3 Nd4 18.Qd2 Qh5 19.Bxd4 exd4 20.O-O Qe5 21.
Rd1 Qxe2 22.Qxe2 Rxe2 23.Rxd4 Re1+ 24.Bf1 Kf8 25.Rd8+ Re8 26.Rxe8+ Kxe8 
27.f4 Ke7 28.Kf2 Kd6 29.Ke3 b6 30.Kd4 c5+ 31.bxc5+ bxc5+ 32.Ke3 Ke7 33.Bd3
1/2-1/2

[Event "11th Paul Keres mem"]
[Site "Tallinn URS"]
[Date "1987.04.??"]
[Round "3"]
[White "Borges Matos, Juan"]
[Black "Gavrikov, Viktor"]
[Result "0-1"]
[WhiteElo "2535"]
[BlackElo "2535"]
[EventDate "1989.04.06"]
[PlyCount "64"]

1.Nf3 Nf6 2.c4 e6 3.d4 c5 4.d5 exd5 5.cxd5 d6 6.Nc3 g6 7.Bg5 h6 8.Bh4 g5 
9.Bg3 Nh5 10.e3 Bg7 11.Bb5+ Kf8 12.Qc2 a6 13.Bd3 Nxg3 14.fxg3 b5 15.O-O 
Ra7 16.Rf2 Nd7 17.a4 b4 18.Ne4 Nb6 19.Raf1 a5 20.Nfd2 g4 21.Nc4 Nxc4 22.
Qxc4 h5 23.Nxc5 Rc7 24.Ne6+ Bxe6 25.dxe6 Rxc4 26.Rxf7+ Kg8 27.e7 Qc8 28.
Bxc4 Kh7 29.b3 Qc5 30.Bb5 Qxe3+ 31.Kh1 Kg6 32.Bd7 d5 0-1

[Event "11th Paul Keres mem"]
[Site "Tallinn URS"]
[Date "1987.04.??"]
[Round "3"]
[White "Eingorn, Vyacheslav"]
[Black "Psakhis, Lev"]
[Result "1/2-1/2"]
[WhiteElo "2570"]
[BlackElo "2585"]
[EventDate "1989.04.06"]
[PlyCount "70"]

1.Nf3 Nf6 2.c4 b6 3.d4 e6 4.g3 Ba6 5.b3 Bb4+ 6.Bd2 Be7 7.Nc3 d5 8.cxd5 
exd5 9.Bg2 O-O 10.O-O Bb7 11.Qc2 Na6 12.Rfd1 Qd7 13.Bg5 h6 14.Ne5 Qe6 15.
Bxf6 Bxf6 16.f4 c5 17.e3 Rfd8 18.Rac1 Rac8 19.Qe2 Qe8 20.Qh5 Be7 21.Bh3 
Ra8 22.Bf1 Nc7 23.Bd3 Qf8 24.Qf5 g6 25.Qh3 Bc8 26.Qg2 Bf6 27.Rf1 Qg7 28.
Qf3 cxd4 29.exd4 Bb7 30.Nb5 Nxb5 31.Bxb5 Rac8 32.Qd3 Qf8 33.Ng4 Qg7 34.Ne5
Qf8 35.Ng4 Qg7 1/2-1/2

[Event "11th Paul Keres mem"]
[Site "Tallinn URS"]
[Date "1987.04.??"]
[Round "4"]
[White "Ernst, Thomas"]
[Black "Borges Matos, Juan"]
[Result "1-0"]
[WhiteElo "2460"]
[BlackElo "2535"]
[EventDate "1989.04.06"]
[PlyCount "101"]

1.e4 e6 2.d4 d5 3.Nc3 Nf6 4.Bg5 dxe4 5.Nxe4 Be7 6.Bxf6 gxf6 7.Nf3 b6 8.Bd3
Bb7 9.Qe2 Nd7 10.O-O-O c6 11.Kb1 Qc7 12.c4 O-O-O 13.d5 Nf8 14.dxe6 Nxe6 
15.g3 Kb8 16.Nc3 Bb4 17.Qc2 Bxc3 18.Qxc3 c5 19.Qxf6 Nf4 20.Bc2 Bxf3 21.
Rxd8+ Rxd8 22.Re1 Ng2 23.Re7 Qd6 24.Qxf7 Bc6 25.Qxh7 Qf6 26.Rxa7 Qd6 27.
Re7 Re8 28.Rxe8+ Bxe8 29.Qe4 Bc6 30.Qe2 Qf6 31.h4 Bf3 32.Qe8+ Kc7 33.a3 
Bc6 34.Qe2 Bf3 35.Qe8 Bc6 36.Qe2 Bf3 37.Qd2 Qe5 38.Bg6 Qe6 39.Bd3 Ne1 40.
Qf4+ Kb7 41.Qf5 Qc6 42.Ka2 Ka6 43.Bb1 Qa4 44.Qf4 Qd1 45.Qe3 Be2 46.Qe4 Bf3
47.Qe8 Qc1 48.Qe6 Nc2 49.Qc8+ Ka7 50.Qd7+ Kb8 51.Qe8+ 1-0

[Event "11th Paul Keres mem"]
[Site "Tallinn URS"]
[Date "1987.04.??"]
[Round "4"]
[White "Gavrikov, Viktor"]
[Black "Drasko, Milan"]
[Result "1/2-1/2"]
[WhiteElo "2535"]
[BlackElo "2505"]
[EventDate "1989.04.06"]
[PlyCount "29"]

1.d4 d5 2.c4 dxc4 3.e3 Nf6 4.Bxc4 e6 5.Nf3 c5 6.O-O a6 7.Bd3 Nbd7 8.Qe2 
Be7 9.Rd1 Qc7 10.h3 O-O 11.Qc2 Bd6 12.Nc3 cxd4 13.Nxd4 Rd8 14.Bd2 Ne5 15.
Be2 1/2-1/2

[Event "11th Paul Keres mem"]
[Site "Tallinn URS"]
[Date "1987.04.??"]
[Round "4"]
[White "Marin, Mihail"]
[Black "Timoshenko, Georgy"]
[Result "1/2-1/2"]
[WhiteElo "2495"]
[BlackElo "2530"]
[EventDate "1989.04.06"]
[PlyCount "135"]

1.d4 f5 2.g3 Nf6 3.Bg2 g6 4.c4 Bg7 5.Nf3 O-O 6.Nc3 d6 7.O-O Qe8 8.d5 Na6 
9.Be3 c5 10.Qd2 Bd7 11.Bh6 Qf7 12.Bxg7 Qxg7 13.Ng5 Nc7 14.a4 h6 15.Nh3 a6 
16.a5 Rab8 17.Na4 b5 18.axb6 Na8 19.Qa5 Bxa4 20.Qxa4 Rxb6 21.Qc2 Nc7 22.
Ra3 Rfb8 23.b3 Rf8 24.Re1 Kh8 25.e4 e5 26.dxe6 Nxe6 27.exf5 Nd4 28.Qa2 g5 
29.Rxa6 Rxa6 30.Qxa6 Qd7 31.f4 g4 32.Nf2 Nxf5 33.Qa4 h5 34.Qxd7 Nxd7 35.
Bc6 Nf6 36.Ne4 Nh7 37.Ra1 Nd4 38.Bd5 Nf6 39.Nxd6 Nxd5 40.cxd5 Rb8 41.Nf7+ 
Kg8 42.Ne5 Rb6 43.Ra8+ Kg7 44.Ra7+ Kg8 45.Rc7 h4 46.Rc8+ Kg7 47.Rc7+ Kg8 
48.gxh4 Ne2+ 49.Kf1 Nxf4 50.Rxc5 Rd6 51.Nc4 Rf6 52.Kg1 Nh3+ 53.Kg2 Rf3 54.
Nd2 Rf2+ 55.Kg3 Rxd2 56.Kxg4 Nf2+ 57.Kf3 Nd3 58.Rc8+ Kf7 59.Ke3 Rd1 60.
Rc7+ Ke8 61.Ke2 Rc1 62.d6 Nf4+ 63.Kf3 Rf1+ 64.Ke4 Nh5 65.Ke5 Rf4 66.Rc4 
Rf2 67.b4 Re2+ 68.Kd5 1/2-1/2

[Event "11th Paul Keres mem"]
[Site "Tallinn URS"]
[Date "1987.04.??"]
[Round "5"]
[White "Drasko, Milan"]
[Black "Ernst, Thomas"]
[Result "1/2-1/2"]
[WhiteElo "2505"]
[BlackElo "2460"]
[EventDate "1989.04.06"]
[PlyCount "113"]

1.Nf3 c5 2.c4 Nc6 3.Nc3 e5 4.g3 g6 5.Bg2 Bg7 6.O-O d6 7.a3 a5 8.d3 Nge7 9.
Bd2 O-O 10.Rb1 Rb8 11.Qa4 Bd7 12.Rfc1 Na7 13.Qd1 b5 14.cxb5 Nxb5 15.Nxb5 
Bxb5 16.b3 Bc6 17.Ne1 Bxg2 18.Nxg2 Nc6 19.Ne3 Re8 20.Nd5 Rb7 21.b4 axb4 
22.axb4 Nxb4 23.Bxb4 cxb4 24.e4 Qb8 25.Rb3 Rc8 26.Rxc8+ Qxc8 27.Rxb4 Qb8 
28.Rxb7 Qxb7 29.Kg2 Qd7 30.Qb3 h5 31.Qb8+ Kh7 32.h3 f5 33.Qc7 Qxc7 34.Nxc7
fxe4 35.dxe4 Kg8 36.Kf3 Kf7 37.Ke3 Ke7 38.Kd3 Kd7 39.Nd5 Bh6 40.Kc4 Bd2 
41.Kd3 Bc1 42.f3 Ke6 43.Kc4 Bd2 44.Kb5 Kd7 45.Kb6 Be1 46.g4 hxg4 47.hxg4 
Bf2+ 48.Kb7 Bg1 49.g5 Bc5 50.Nf6+ Ke6 51.Kc6 Be3 52.Nd5 Bd2 53.Nc7+ Ke7 
54.Nb5 Bb4 55.Nc7 Bd2 56.Nb5 Bb4 57.Nc7 1/2-1/2

[Event "11th Paul Keres mem"]
[Site "Tallinn URS"]
[Date "1987.04.??"]
[Round "5"]
[White "Timoshenko, Georgy"]
[Black "Psakhis, Lev"]
[Result "1-0"]
[WhiteElo "2530"]
[BlackElo "2585"]
[EventDate "1989.04.06"]
[PlyCount "69"]

1.e4 e5 2.Nf3 Nc6 3.Bb5 Nf6 4.O-O Nxe4 5.d4 Nd6 6.Bxc6 dxc6 7.dxe5 Nf5 8.
Qxd8+ Kxd8 9.Nc3 h6 10.Ne2 Ke8 11.Nf4 Be6 12.b3 Bc5 13.Bb2 a5 14.Rad1 a4 
15.g4 Ne7 16.h3 Nd5 17.Nd3 Be7 18.c4 Nb4 19.Nxb4 Bxb4 20.Nd4 axb3 21.axb3 
h5 22.Nxe6 fxe6 23.Kg2 hxg4 24.hxg4 Be7 25.Rd3 Ra2 26.Bc1 b5 27.Be3 Rf8 
28.Kg3 Rh8 29.cxb5 cxb5 30.Rc1 Bh4+ 31.Kg2 Rf8 32.Rxc7 Bxf2 33.Rc8+ Ke7 
34.Bg5+ Kf7 35.Rxf8+ 1-0

[Event "11th Paul Keres mem"]
[Site "Tallinn URS"]
[Date "1987.04.??"]
[Round "6"]
[White "Ernst, Thomas"]
[Black "Eingorn, Vyacheslav"]
[Result "0-1"]
[WhiteElo "2460"]
[BlackElo "2570"]
[EventDate "1989.04.06"]
[PlyCount "114"]

1.e4 e6 2.d4 d5 3.Nc3 Bb4 4.e5 Ne7 5.a3 Bxc3+ 6.bxc3 c5 7.Qg4 Kf8 8.Nf3 
Qa5 9.Bd2 Qa4 10.Ra2 b6 11.Qf4 h6 12.dxc5 Qxf4 13.Bxf4 bxc5 14.Be3 Nd7 15.
Rb2 c4 16.g3 Nc6 17.Bd4 Ke7 18.Bg2 Ba6 19.Kd2 Rhc8 20.Re1 Rab8 21.Ra2 Rb7 
22.h4 Rcb8 23.Raa1 Bb5 24.a4 Ba6 25.h5 Rc7 26.Re3 Bc8 27.g4 a5 28.Bh3 Nxd4
29.Nxd4 Nc5 30.Bg2 Bd7 31.Ree1 Rb2 32.Ra3 Rcb7 33.f4 Rb1 34.Ra1 Rxe1 35.
Kxe1 Nxa4 36.Kd2 Ra7 37.g5 Nc5 38.gxh6 gxh6 39.f5 a4 40.Ke3 a3 41.Ra2 Kd8 
42.f6 Kc7 43.Nf3 Ne4 44.Kd4 Ng3 45.Ke3 Ne4 46.Kd4 Bc6 47.Nh2 Ng3 48.Ke3 
d4+ 49.Kf2 Nxh5 50.Bxc6 Kxc6 51.cxd4 Nf4 52.Ng4 Nd5 53.Ne3 Nxe3 54.Kxe3 
Kd5 55.c3 h5 56.Kf4 h4 57.Kg4 Ke4 0-1

[Event "11th Paul Keres mem"]
[Site "Tallinn URS"]
[Date "1987.04.??"]
[Round "6"]
[White "Psakhis, Lev"]
[Black "Gelfand, Boris"]
[Result "1-0"]
[WhiteElo "2585"]
[BlackElo "2600"]
[EventDate "1989.04.06"]
[PlyCount "119"]

1.d4 Nf6 2.Nf3 d5 3.c4 e6 4.e3 Nbd7 5.Nc3 c6 6.Bd3 dxc4 7.Bxc4 b5 8.Bd3 
Bb7 9.e4 b4 10.Na4 c5 11.e5 Nd5 12.O-O h6 13.a3 a6 14.Qe2 Bc6 15.Nxc5 Bxc5
16.dxc5 Nxc5 17.Bc4 O-O 18.axb4 Nxb4 19.Ra3 Bd5 20.Bxd5 Qxd5 21.Rd1 Qb7 
22.Be3 Rac8 23.Rc3 Nd7 24.Rb3 Nc5 25.Rc3 Ne4 26.Rc4 Rxc4 27.Qxc4 Rc8 28.
Qb3 a5 29.h4 Qb5 30.Rd4 Qc6 31.Qd1 Nc2 32.Rd8+ Rxd8 33.Qxd8+ Kh7 34.Nd4 
Qc4 35.Nxc2 Qxc2 36.Qd4 f6 37.exf6 Nxf6 38.f3 Qf5 39.Bf4 Qd5 40.Be5 Qxd4+ 
41.Bxd4 a4 42.Kf2 Kg6 43.Ke3 Nd7 44.Ke4 Kf7 45.Kd3 g5 46.hxg5 hxg5 47.Kc4 
e5 48.Be3 Kg6 49.Kb5 g4 50.fxg4 Nf6 51.Kxa4 e4 52.b4 Nd5 53.Bf2 Kg5 54.b5 
Kxg4 55.Ka5 e3 56.Be1 Ne7 57.b6 Nc6+ 58.Kb5 Nd8 59.Ka6 Kf4 60.b7 1-0

[Event "11th Paul Keres mem"]
[Site "Tallinn URS"]
[Date "1987.04.??"]
[Round "7"]
[White "Timoshenko, Georgy"]
[Black "Gavrikov, Viktor"]
[Result "1/2-1/2"]
[WhiteElo "2530"]
[BlackElo "2535"]
[EventDate "1989.04.06"]
[PlyCount "56"]

1.e4 c5 2.Nf3 d6 3.d4 cxd4 4.Nxd4 Nf6 5.Nc3 a6 6.f4 e6 7.Be2 Be7 8.O-O O-O
9.Kh1 Qc7 10.a4 Re8 11.f5 Nc6 12.fxe6 fxe6 13.Nxc6 Qxc6 14.Qd3 Nd7 15.Bf4 
Ne5 16.Qg3 Qc7 17.Bxe5 dxe5 18.Bd3 Bd7 19.Nd1 Rf8 20.Rxf8+ Rxf8 21.Ne3 Rf4
22.Qe1 Bc6 23.Nc4 b5 24.axb5 axb5 25.Na5 Be8 26.Nb3 Bg6 27.Qe2 Qb7 28.Nd2 
Bc5 1/2-1/2

[Event "11th Paul Keres mem"]
[Site "Tallinn URS"]
[Date "1987.04.??"]
[Round "8"]
[White "Drasko, Milan"]
[Black "Eingorn, Vyacheslav"]
[Result "1/2-1/2"]
[WhiteElo "2505"]
[BlackElo "2570"]
[EventDate "1989.04.06"]
[PlyCount "121"]

1.d4 e6 2.Nf3 c5 3.e3 Nf6 4.Bd3 Nc6 5.O-O Be7 6.c3 d5 7.Nbd2 Qc7 8.dxc5 
Bxc5 9.e4 O-O 10.exd5 exd5 11.Nb3 Bb6 12.Re1 Bg4 13.Be3 Rfe8 14.Bxb6 Qxb6 
15.Rxe8+ Rxe8 16.h3 Bh5 17.g4 Bg6 18.Bxg6 hxg6 19.Qc2 Qc7 20.Re1 Rxe1+ 21.
Nxe1 Qf4 22.Nc5 Qd6 23.Ncd3 Ne4 24.Qe2 Ng5 25.Qe8+ Qf8 26.Qd7 Qe7 27.Qxe7 
Nxe7 28.Kg2 Ne6 29.Nc2 Kf8 30.h4 Nc6 31.Kf3 Ke7 32.Ke3 Kd6 33.f3 Ne5 34.
Nce1 Nc4+ 35.Ke2 d4 36.b3 Na3 37.cxd4 Nxd4+ 38.Kd2 Nb1+ 39.Ke3 Nc6 40.Nc2 
Nc3 41.a4 Nd5+ 42.Ke4 a6 43.Nd4 Nf6+ 44.Ke3 Ne5 45.Ne1 Nd5+ 46.Ke4 Nd7 47.
f4 Nc5+ 48.Kf3 Ne7 49.Nec2 Nc6 50.Nxc6 Kxc6 51.Nd4+ Kd5 52.Ke3 a5 53.f5 
Nd7 54.fxg6 fxg6 55.Nc2 Nc5 56.b4 Nxa4 57.bxa5 Nc5 58.Nd4 Nd7 59.Ne2 Kc4 
60.Kf4 Kb4 61.Kg5 1/2-1/2

[Event "11th Paul Keres mem"]
[Site "Tallinn URS"]
[Date "1987.04.??"]
[Round "8"]
[White "Ernst, Thomas"]
[Black "Timoshenko, Georgy"]
[Result "0-1"]
[WhiteElo "2460"]
[BlackElo "2530"]
[EventDate "1989.04.06"]
[PlyCount "60"]

1.e4 c5 2.Nf3 e6 3.d4 cxd4 4.Nxd4 Nf6 5.Nc3 Nc6 6.Ndb5 d6 7.Bf4 e5 8.Bg5 
a6 9.Na3 b5 10.Bxf6 gxf6 11.Nd5 f5 12.Bd3 Be6 13.Qh5 Bg7 14.O-O f4 15.c4 
bxc4 16.Bxc4 O-O 17.Rac1 Rb8 18.b3 Qa5 19.Nb1 Kh8 20.a3 Qd8 21.Nxf4 exf4 
22.Bxe6 fxe6 23.Rxc6 f3 24.g3 Rxb3 25.Rxa6 Qc7 26.Qa5 Qc2 27.Rb6 Rd3 28.
Qb4 Bd4 29.Rxd6 Qxf2+ 30.Rxf2 Rd1+ 0-1

[Event "11th Paul Keres mem"]
[Site "Tallinn URS"]
[Date "1987.04.??"]
[Round "8"]
[White "Gavrikov, Viktor"]
[Black "Gelfand, Boris"]
[Result "1/2-1/2"]
[WhiteElo "2535"]
[BlackElo "2600"]
[EventDate "1989.04.06"]
[PlyCount "129"]

1.e4 c5 2.Nf3 d6 3.d4 cxd4 4.Nxd4 Nf6 5.Nc3 a6 6.f4 Nbd7 7.a4 b6 8.Be2 Bb7
9.Bf3 e5 10.Nf5 Nc5 11.fxe5 dxe5 12.Qxd8+ Rxd8 13.Bg5 Ne6 14.Bxf6 gxf6 15.
Nd5 Bxd5 16.exd5 Ng7 17.Nxg7+ Bxg7 18.O-O-O Ke7 19.Be4 h5 20.Rhf1 h4 21.
Kb1 Rd6 22.Rd3 Rc8 23.b3 Bh6 24.Rh3 Bg5 25.Kb2 b5 26.axb5 axb5 27.Rc3 Ra8 
28.Rc7+ Kf8 29.Rb7 Rda6 30.Kc3 Rc8+ 31.Kb4 Bd2+ 32.Kxb5 Ra5+ 33.Kb6 Rca8 
34.d6 Be3+ 35.Kc7 Rc5+ 36.Kd7 Rcc8 37.Rd1 Bd4 38.Bf5 Rd8+ 39.Kc7 Ke8 40.
d7+ Ke7 41.Kc6 Ra6+ 42.Kb5 Ra3 43.Rc7 Ra2 44.Rc8 Rxd7 45.Bxd7 Kxd7 46.Rc6 
Ke7 47.Rf1 e4 48.Rf4 f5 49.Rc4 Kf6 50.Rxd4 Ke5 51.Rf2 e3 52.Rdf4 exf2 53.
Rxf2 h3 54.g3 Ke4 55.Rf4+ Ke3 56.c4 Rxh2 57.Rxf5 Rb2 58.Rxf7 Rxb3+ 59.Ka4 
h2 60.Rh7 Rb2 61.c5 Kf3 62.c6 Rc2 63.Kb5 Kxg3 64.Kb6 Kg2 65.c7 1/2-1/2

[Event "11th Paul Keres mem"]
[Site "Tallinn URS"]
[Date "1987.04.??"]
[Round "9"]
[White "Marin, Mihail"]
[Black "Gavrikov, Viktor"]
[Result "0-1"]
[WhiteElo "2495"]
[BlackElo "2535"]
[EventDate "1989.04.06"]
[PlyCount "52"]

1.d4 Nf6 2.c4 e6 3.Nc3 Bb4 4.e3 O-O 5.Bd3 c5 6.Ne2 d5 7.cxd5 cxd4 8.exd4 
Nxd5 9.a3 Be7 10.Bc2 Nc6 11.Qd3 g6 12.h4 Nxc3 13.bxc3 e5 14.Qg3 exd4 15.h5
Bd6 16.Bf4 Bxf4 17.Nxf4 g5 18.O-O Kh8 19.h6 Qf6 20.Nd5 Qxh6 21.f4 Qd6 22.
Nf6 Qxf6 23.fxg5 Qe5 24.Qh4 d3 25.Rae1 Qc5+ 26.Kh1 Bf5 0-1

[Event "11th Paul Keres mem"]
[Site "Tallinn URS"]
[Date "1987.04.??"]
[Round "10"]
[White "Drasko, Milan"]
[Black "Timoshenko, Georgy"]
[Result "0-1"]
[WhiteElo "2505"]
[BlackElo "2530"]
[EventDate "1989.04.06"]
[PlyCount "74"]

1.d4 Nf6 2.c4 e6 3.Nf3 b6 4.g3 Bb7 5.Bg2 Be7 6.Nc3 Ne4 7.Bd2 Bf6 8.O-O O-O
9.Rc1 c5 10.e3 Na6 11.d5 exd5 12.cxd5 Nd6 13.Qa4 Nb4 14.e4 Nd3 15.Bf4 b5 
16.Qc2 Nxf4 17.gxf4 Bxc3 18.bxc3 Nc4 19.e5 f6 20.Rcd1 Qe8 21.Rfe1 Qh5 22.
Nd2 Nb6 23.Nb3 Rac8 24.Na5 Ba8 25.c4 fxe5 26.fxe5 Rf5 27.e6 dxe6 28.Rxe6 
Rcf8 29.Rde1 bxc4 30.Nc6 Nxd5 31.Qxc4 Kh8 32.Qe2 Qxe2 33.R1xe2 Nf4 34.R2e3
Nxg2 35.Kxg2 R5f6 36.Rxf6 gxf6 37.Re6 Rc8 0-1

[Event "11th Paul Keres mem"]
[Site "Tallinn URS"]
[Date "1987.04.??"]
[Round "10"]
[White "Ernst, Thomas"]
[Black "Marin, Mihail"]
[Result "1/2-1/2"]
[WhiteElo "2460"]
[BlackElo "2495"]
[EventDate "1989.04.06"]
[PlyCount "49"]

1.e4 e5 2.Nf3 Nc6 3.Bb5 a6 4.Ba4 Nf6 5.O-O Nxe4 6.d4 b5 7.Bb3 d5 8.dxe5 
Be6 9.c3 Bc5 10.Nbd2 O-O 11.Bc2 Bf5 12.Nb3 Bg6 13.Nfd4 Bxd4 14.cxd4 a5 15.
Be3 a4 16.Nd2 f6 17.Rc1 fxe5 18.Nxe4 dxe4 19.d5 Ne7 20.Bg5 Rf7 21.Re1 Qxd5
22.Qxd5 Nxd5 23.Bxe4 Bxe4 24.Rxe4 Nf4 25.Bxf4 1/2-1/2

[Event "11th Paul Keres mem"]
[Site "Tallinn URS"]
[Date "1987.04.??"]
[Round "11"]
[White "Gelfand, Boris"]
[Black "Drasko, Milan"]
[Result "0-1"]
[WhiteElo "2600"]
[BlackElo "2505"]
[EventDate "1989.04.06"]
[PlyCount "80"]

1.d4 d5 2.Nf3 Nf6 3.c4 dxc4 4.Nc3 c6 5.a4 Bf5 6.Ne5 Nbd7 7.Nxc4 Nb6 8.Ne5 
e6 9.f3 Bb4 10.e4 Bg6 11.Be3 a5 12.Qb3 Nfd7 13.Nd3 Be7 14.Be2 O-O 15.O-O 
Re8 16.Rad1 Qc7 17.f4 Bd6 18.Ne5 f5 19.exf5 Bxf5 20.Bh5 g6 21.g4 Nd5 22.
gxf5 Nxe3 23.fxg6 Nxe5 24.fxe5 Bxe5 25.dxe5 Qxe5 26.Bf3 Nxf1 27.gxh7+ Kh8 
28.Rxf1 Qe3+ 29.Kg2 Rad8 30.Rd1 Rf8 31.Be2 Rd5 32.Rxd5 exd5 33.Qd1 d4 34.
Bf3 dxc3 35.bxc3 Qxc3 36.Be4 Qg7+ 37.Kh1 Qe5 38.Qb1 Re8 39.Bg6 Qe1+ 40.Kg2
Qxb1 0-1

[Event "11th Paul Keres mem"]
[Site "Tallinn URS"]
[Date "1987.04.??"]
[Round "11"]
[White "Marin, Mihail"]
[Black "Borges Matos, Juan"]
[Result "1/2-1/2"]
[WhiteElo "2495"]
[BlackElo "2535"]
[EventDate "1989.04.06"]
[PlyCount "51"]

1.d4 c5 2.d5 g6 3.Nc3 d6 4.e4 Bg7 5.Nf3 Nf6 6.Be2 Na6 7.O-O Nc7 8.a4 O-O 
9.h3 b6 10.Bf4 Bb7 11.Bc4 a6 12.Qd3 Nd7 13.Rab1 Ne8 14.Rfe1 Qc7 15.Qe3 Ne5
16.Nxe5 dxe5 17.Bg3 Nd6 18.Bf1 Rae8 19.Kh1 Bc8 20.f4 Bh6 21.Qf3 exf4 22.
Bxf4 Bxf4 23.Qxf4 e5 24.dxe6 fxe6 25.Qg3 Qc6 26.Rbd1 1/2-1/2

[Event "11th Paul Keres mem"]
[Site "Tallinn URS"]
[Date "1987.04.??"]
[Round "11"]
[White "Psakhis, Lev"]
[Black "Ernst, Thomas"]
[Result "1-0"]
[WhiteElo "2585"]
[BlackElo "2460"]
[EventDate "1989.04.06"]
[PlyCount "79"]

1.d4 Nf6 2.Nf3 g6 3.c3 Bg7 4.Bg5 Ne4 5.Bh4 d5 6.Nbd2 Nxd2 7.Qxd2 Nd7 8.e3 
Nf6 9.Bd3 Ne4 10.Qc2 Nd6 11.O-O O-O 12.e4 dxe4 13.Bxe4 Nxe4 14.Qxe4 Re8 
15.Rfe1 Qd7 16.Bg3 c6 17.Be5 Qf5 18.Qe3 Be6 19.Bxg7 Kxg7 20.Ne5 Rad8 21.h3
Qf6 22.a4 Bc8 23.a5 a6 24.Rad1 Qd6 25.b4 Qf6 26.Rd2 Qe6 27.Qg3 Qd6 28.Qh4 
Qf6 29.Qe4 Qf5 30.Qe3 Qe6 31.Qd3 f6 32.Nf3 Qd6 33.Qe3 Bf5 34.Rde2 Bc8 35.
Nd2 Qd5 36.Qf4 Qf7 37.Qc7 e5 38.Qxf7+ Kxf7 39.dxe5 Rd3 40.Nc4 1-0

[Event "11th Paul Keres mem"]
[Site "Tallinn URS"]
[Date "1987.04.??"]
[Round "11"]
[White "Timoshenko, Georgy"]
[Black "Eingorn, Vyacheslav"]
[Result "1/2-1/2"]
[WhiteElo "2530"]
[BlackElo "2570"]
[EventDate "1989.04.06"]
[PlyCount "91"]

1.e4 c5 2.Nf3 e6 3.d4 cxd4 4.Nxd4 a6 5.Bd3 Nf6 6.O-O Qc7 7.Qe2 d6 8.c4 g6 
9.Nc3 Bg7 10.Nf3 O-O 11.Bf4 Ng4 12.Rac1 Ne5 13.Rfd1 Nbc6 14.b3 Qe7 15.Bb1 
Bd7 16.Ne1 Rfd8 17.Qd2 Be8 18.Bg5 f6 19.Bh6 Bxh6 20.Qxh6 g5 21.Qh3 Ng6 22.
Qe3 Nce5 23.Bd3 Qc7 24.Bf1 Qc5 25.Qd2 Rac8 26.Ne2 Bf7 27.Nd4 Qb6 28.b4 Nf8
29.a3 Bh5 30.f3 Nc6 31.Qf2 Nxd4 32.Rxd4 Bf7 33.Rd2 Qxf2+ 34.Kxf2 e5 35.
Rcd1 Bxc4 36.Bxc4+ Rxc4 37.Rxd6 Rxd6 38.Rxd6 Kf7 39.Nd3 Rc2+ 40.Kf1 Ra2 
41.Nc5 Rxa3 42.Rb6 Ra1+ 43.Ke2 Ra2+ 44.Kf1 Ra1+ 45.Ke2 Ra2+ 46.Kf1 1/2-1/2